000 00279nam a2200121 a 4500
008 101022s1975|||| d
100 1 _aTomasi di Lampedusa, Giuseppe
245 1 0 _aGepard
041 _aslo
044 _axo
_cSK
260 _bSmena
_aBratislava
_c1975
020 _c22
999 _c12051
_d12051